000 00336 a2200145 4500
001 149515
040 _cEscola São Tomás de Aquino
100 _aALBERGARIA , Lino de
240 1 0 _aO livro de Marieta
_lpor
245 1 0 _aO livro de Marieta
300 _a92
362 0 _a2014
697 _a*LITERATURA INFANTO JUVENIL
942 _cBK
999 _c149515
_d149515